Southville International School and Colleges
Your cart is empty.
  • Cart
  • Lists
    Public lists Eva Luna New books Lux_list list_1
    Your lists Log in to create your own lists
  • Log in to your account
  • Your cookies
  • Search history
Southville International School and Colleges
  • Advanced search
  • Recent comments
  • Most popular
  • Libraries

Log in to your account

Log in with GOOGLE


If you do not have an external account, but do have a local account, you can still log in:

  1. Home
  2. MARC view: Generations at work :
Normal view MARC view ISBD view

Generations at work : (Record no. 25827)

[ view plain ]
MARC details
000 -LEADER
fixed length control field 00840nam a22002417a 4500
005 - DATE AND TIME OF LATEST TRANSACTION
control field 20140313100406.0
008 - FIXED-LENGTH DATA ELEMENTS--GENERAL INFORMATION
fixed length control field 131216b xxu||||| |||| 00| 0 eng d
020 ## - INTERNATIONAL STANDARD BOOK NUMBER
International Standard Book Number 9780814432334
050 ## - LIBRARY OF CONGRESS CALL NUMBER
Classification number HF 5549.5.M5
Item number .Z45 2013
100 ## - MAIN ENTRY--PERSONAL NAME
Personal name Zemke, Ron.
245 ## - TITLE STATEMENT
Title Generations at work :
Remainder of title managing the clash of boomers, Gen Xers, and Gen Yers in the workplace /
Statement of responsibility, etc Ron Zemkel, Claire Raines, Bob Filipczak.
250 ## - EDITION STATEMENT
Edition statement 2nd ed.
260 ## - PUBLICATION, DISTRIBUTION, ETC. (IMPRINT)
Place of publication, distribution, etc New York :
Name of publisher, distributor, etc American Management Association,
Date of publication, distribution, etc 2013.
300 ## - PHYSICAL DESCRIPTION
Extent viii, 312 p. ;
Dimensions 23 cm.
521 ## - TARGET AUDIENCE NOTE
Target audience note
650 ## - SUBJECT ADDED ENTRY--TOPICAL TERM
Topical term or geographic name as entry element Diversity in the workplace
Geographic subdivision United States.
650 ## - SUBJECT ADDED ENTRY--TOPICAL TERM
Topical term or geographic name as entry element Age groups
Geographic subdivision United States.
650 ## - SUBJECT ADDED ENTRY--TOPICAL TERM
Topical term or geographic name as entry element Conflict of generations
Geographic subdivision United States.
700 ## - ADDED ENTRY--PERSONAL NAME
Personal name Raines, Claire.
Relator term author.
700 ## - ADDED ENTRY--PERSONAL NAME
Personal name Filipczak, Bob.
Relator term author.
942 ## - ADDED ENTRY ELEMENTS (KOHA)
Source of classification or shelving scheme Library of Congress Classification
Koha item type Books
Call number prefix Foreign
Holdings
Withdrawn status Lost status Source of classification or shelving scheme Damaged status Home library Current library Shelving location Date acquired Total Checkouts Full call number Barcode Date last seen Date checked out Copy number Price effective from Koha item type
    Library of Congress Classification   College Library College Library Reserve Section 12/16/2013 2 HF 5549.5.M5 .Z45 2013 C17283 05/15/2018 01/08/2018 1 12/16/2013 Books

Generations at work :

APA

Zemke R., Raines C. & Filipczak B. (2013). Generations at work. New York: American Management Association.

Chicago

Zemke Ron, Raines Claire and Filipczak Bob. 2013. Generations at work. New York: American Management Association.

Harvard

Zemke R., Raines C. and Filipczak B. (2013). Generations at work. New York: American Management Association.

MLA

Zemke Ron, Raines Claire and Filipczak Bob. Generations at work. New York: American Management Association. 2013.

  • Place hold
  • Print
  • Cite
  • Add to your cart (remove)
  • Save record
    BIBTEX Dublin Core MARCXML MARC (non-Unicode/MARC-8) MARC (Unicode/UTF-8) MARC (Unicode/UTF-8, Standard) MODS (XML) RIS
  • More searches
    Search for this title in:
    Other Libraries (WorldCat) Other Databases (Google Scholar) Online Stores (Bookfinder.com) Open Library (openlibrary.org)

Exporting to Dublin Core...

SOUTHVILLE LIBRARY

Southville International School and Colleges Library

1281 Tropical Ave. Cor. Luxembourg St., BF Homes International, Las Pinas City

Tel. No. 8256374 / 252358 Loc. 117/146

Powered by Koha